[Event "Open Vysočina 2017"]
[Site "Třebíč"]
[Date "2017.09.28"]
[Round "6"]
[White "Pribyl, Josef"]
[Black "Heppell, Ian N"]
[Result "1-0"]
[WhiteElo "2263"]
[BlackElo "2034"]
[PlyCount "95"]
[EventDate "2017.09.23"]

1. d4 {[%emt 0:00:00]} d6 2. e4 Nf6 3. Nc3 Nbd7 4. f4 e5 5. Nf3 exd4 6. Nxd4 g6
7. Be2 Bg7 8. O-O O-O 9. Bf3 Re8 10. Kh1 c6 11. Nb3 Qc7 12. a4 a5 13. h3 Nb6
14. Nd4 Nbd7 15. Re1 Nc5 16. Re2 Be6 17. b3 Rad8 18. Qg1 Bc8 19. Bb2 Ne6 20.
Nxe6 Bxe6 21. Rae1 Bc8 22. Rd2 Nd7 23. Nd1 Bxb2 24. Nxb2 d5 25. e5 Nf8 26. Nd3
Bf5 27. Nf2 Qb6 28. g4 Bc8 29. Qg3 Qc7 30. g5 Bf5 31. Bg4 c5 32. h4 c4 33. Bxf5
gxf5 34. h5 d4 35. Kh2 Qc6 36. Qh3 cxb3 37. cxb3 Qc3 38. Red1 Qxh3+ 39. Nxh3
Ne6 40. Rc1 Rc8 41. Rdc2 Rxc2+ 42. Rxc2 Rd8 43. Kg3 d3 44. Rd2 Nc5 45. Nf2 Ne4+
46. Nxe4 fxe4 47. Kf2 Rc8 48. Ke3 1-0

[Event "Open Vysočina 2017"]
[Site "Třebíč"]
[Date "2017.09.28"]
[Round "6"]
[White "Bartos, Jan"]
[Black "Spanton, Tim R"]
[Result "1-0"]
[WhiteElo "2209"]
[BlackElo "1858"]
[PlyCount "26"]
[EventDate "2017.09.23"]

1. d4 d5 2. c4 e6 3. Nf3 Nf6 4. g3 c5 5. Bg2 cxd4 6. O-O Nc6 7. Nxd4 Qb6 8. Nc2
d4 9. e3 Bc5 10. b4 Nxb4 11. exd4 Be7 12. c5 Qb5 13. a4 Qd3 1-0

[Event "Open Vysočina 2017"]
[Site "Třebíč"]
[Date "2017.09.28"]
[Round "6"]
[White "Tesar, Jan"]
[Black "Svizensky, Lubos"]
[Result "1-0"]
[WhiteElo "2118"]
[BlackElo "1976"]
[PlyCount "83"]
[EventDate "2017.09.23"]

1. d4 d5 2. g3 c6 3. Bg2 Bf5 4. Nf3 e6 5. O-O Nf6 6. c4 h6 7. Qb3 Qb6 8. c5
Qxb3 9. axb3 Nbd7 10. Nc3 a6 11. b4 Rc8 12. Nd2 Bc2 13. f3 e5 14. e3 Be7 15.
Re1 exd4 16. exd4 Kd8 17. Nd1 Bxd1 18. Rxd1 Kc7 19. Nf1 Rce8 20. Bf4+ Kc8 21.
Bh3 Bd8 22. Kf2 Bc7 23. Bd2 Re7 24. Re1 Rxe1 25. Rxe1 Re8 26. Ne3 g6 27. Ng2
Rxe1 28. Nxe1 h5 29. Bg5 Bd8 30. Bf4 Bc7 31. Nd3 Bxf4 32. gxf4 Kd8 33. Kg3 Ng8
34. Ne5 Nxe5 35. fxe5 Ne7 36. Kf4 Ke8 37. Kg5 Kf8 38. f4 Kg7 39. f5 gxf5 40.
Bxf5 Nxf5 41. Kxf5 h4 42. h3 1-0

[Event "Open Vysočina 2017"]
[Site "Třebíč"]
[Date "2017.09.28"]
[Round "6"]
[White "Siebenburger, Vlastimil"]
[Black "Leutwyler, Mathias"]
[Result "1-0"]
[WhiteElo "2059"]
[BlackElo "2103"]
[PlyCount "109"]
[EventDate "2017.09.23"]

1. e4 {[%emt 0:00:00]} c5 2. Nf3 e6 3. c3 Nf6 4. e5 Nd5 5. d4 cxd4 6. cxd4 d6
7. Nc3 Nxc3 8. bxc3 Qc7 9. Bb2 Nd7 10. exd6 Bxd6 11. Bd3 b6 12. c4 Bb4+ 13. Kf1
O-O 14. h4 Bb7 15. Rh3 Bd6 16. d5 Rae8 17. Ng5 h6 18. Nh7 exd5 19. Nxf8 Nxf8
20. cxd5 Bxd5 21. Bh7+ Nxh7 22. Qxd5 Re6 23. Rc1 Qe7 24. Qd3 Bb4 25. Bc3 Bxc3
26. Qxc3 Re4 27. Qa3 Nf6 28. Qxe7 Rxe7 29. Rhc3 Nd5 30. Rc8+ Kh7 31. Rd8 Nc7
32. Rcd1 Re4 33. R8d7 Nb5 34. Rxf7 Rxh4 35. Rdd7 Rg4 36. f3 Rg5 37. g4 a5 38.
Rf5 Nc3 39. Rxg5 hxg5 40. a3 b5 41. Ke1 b4 42. axb4 axb4 43. Kd2 Kh6 44. Rd4
Nb5 45. Rxb4 Nc7 46. Rb6+ g6 47. Kd3 Nd5 48. Rb3 Nf4+ 49. Ke4 Ne2 50. Ke5 Nf4
51. Rb8 Kg7 52. Rb7+ Kh6 53. Kf6 Nd5+ 54. Kf7 Nf6 55. Rb1 1-0

[Event "Open Vysočina 2017"]
[Site "Třebíč"]
[Date "2017.09.28"]
[Round "6"]
[White "Vincze, Roman"]
[Black "Svoboda, Ivo"]
[Result "1-0"]
[WhiteElo "2099"]
[BlackElo "1949"]
[PlyCount "77"]
[EventDate "2017.09.23"]

1. d4 Nf6 2. Bg5 Ne4 3. Bf4 c5 4. d5 Qb6 5. Bc1 g6 6. f3 Nf6 7. e4 d6 8. c4 Bg7
9. Nc3 O-O 10. Bd3 e6 11. h3 exd5 12. exd5 Nbd7 13. f4 Qd8 14. Nge2 a6 15. a4
b6 16. O-O Rb8 17. Bd2 Re8 18. Ng3 Bb7 19. Qf3 Ba8 20. Rfe1 Qc7 21. Rxe8+ Rxe8
22. Rb1 Qd8 23. b3 Bb7 24. Bc2 Bc8 25. Kf1 Bb7 26. Kg1 Bc8 27. Rf1 Qe7 28. Kh2
Bh6 29. Re1 Qd8 30. Nce4 Bf8 31. Bc3 Nxe4 32. Nxe4 Bg7 33. Bxg7 Kxg7 34. Qc3+
Kg8 35. Nxd6 Rxe1 36. Qxe1 Nf6 37. Qe5 Nh5 38. g3 Bd7 39. Qh8+ 1-0

[Event "Open Vysočina 2017"]
[Site "Třebíč"]
[Date "2017.09.28"]
[Round "6"]
[White "Mezlik, Stanislav"]
[Black "Freeland, Alex"]
[Result "0-1"]
[WhiteElo "1903"]
[BlackElo "1988"]
[PlyCount "68"]
[EventDate "2017.09.23"]

1. d4 {[%emt 0:00:00]} e6 2. c4 Nf6 3. Nc3 Bb4 4. Qc2 b6 5. a3 Bxc3+ 6. Qxc3
Bb7 7. Nf3 O-O 8. e3 d6 9. Be2 Nbd7 10. b3 c5 11. Bb2 cxd4 12. Nxd4 Bxg2 13.
Rg1 Be4 14. Bf3 e5 15. Nc6 Bxc6 16. Bxc6 Rc8 17. Bf3 b5 18. a4 bxc4 19. b4 a5
20. b5 Nc5 21. Ke2 Nd3 22. Ba3 Qb6 23. Bc6 Nxf2 24. Qxc4 N2e4 25. Qd3 Rxc6 26.
bxc6 Qxc6 27. Rgc1 Qd7 28. Rf1 Qg4+ 29. Ke1 Qh4+ 30. Kd1 Nf2+ 31. Rxf2 Qxf2 32.
Qxd6 Qf1+ 33. Kc2 Rc8+ 34. Kb2 Qe2+ 0-1

[Event "Open Vysočina 2017"]
[Site "Třebíč"]
[Date "2017.09.28"]
[Round "6"]
[White "Lampir, Tomas"]
[Black "Oburka, Vladislav"]
[Result "1-0"]
[WhiteElo "2077"]
[BlackElo "1808"]
[PlyCount "109"]
[EventDate "2017.09.23"]

1. e4 e5 2. Nf3 Nf6 3. Nxe5 d6 4. Nf3 Nxe4 5. Nc3 Nxc3 6. dxc3 Nc6 7. Bf4 Be7
8. Qd2 Be6 9. O-O-O Qd7 10. Kb1 O-O-O 11. Bb5 a6 12. Ba4 b5 13. Bb3 Bxb3 14.
axb3 Bf6 15. Qd5 Kb8 16. Nd2 Ne7 17. Qxf7 Qf5 18. Rhe1 Rhf8 19. Qe6 Qxf4 20.
Ne4 Qf5 21. Nxf6 Rxf6 22. Qxe7 Rd7 23. Qe8+ Kb7 24. f3 Rf8 25. Qe4+ Qxe4 26.
Rxe4 Rff7 27. Rde1 g6 28. Re8 d5 29. Kc1 Rf5 30. R8e7 Rf7 31. Rxf7 Rxf7 32. Kd2
c6 33. Ke3 Re7+ 34. Kf2 Rf7 35. g4 Kc7 36. Kg3 Kd7 37. g5 Rf8 38. Kg4 Rf7 39.
f4 Rf5 40. h4 Rf7 41. Ra1 Kc7 42. Rxa6 Kb7 43. Ra1 Re7 44. Kf3 Re4 45. Rh1 b4
46. h5 bxc3 47. bxc3 gxh5 48. Rxh5 Re7 49. f5 Kb6 50. f6 Rf7 51. Kg4 Kc5 52.
Kf5 Kd6 53. g6 hxg6+ 54. Kxg6 Ke6 55. Re5+ 1-0

[Event "Open Vysočina 2017"]
[Site "Třebíč"]
[Date "2017.09.28"]
[Round "6"]
[White "Navratil-Sen., Jiri"]
[Black "Tarimo, Didik Widiarso"]
[Result "1-0"]
[WhiteElo "2013"]
[BlackElo "1542"]
[PlyCount "97"]
[EventDate "2017.09.23"]

1. d4 {[%emt 0:00:00]} d5 2. Nf3 Nf6 3. Bf4 c5 4. c3 Nc6 5. e3 e6 6. Bd3 cxd4
7. exd4 Nh5 8. Be3 Bd6 9. g3 Qc7 10. Nbd2 g6 11. Bh6 f6 12. Nh4 Qf7 13. Qc2 f5
14. O-O-O Bd7 15. Rde1 O-O-O 16. Bg5 Rde8 17. Nb3 Kb8 18. Kb1 h6 19. Bd2 Nf6
20. f3 Re7 21. Re2 e5 22. dxe5 Bxe5 23. Rhe1 Bd6 24. Rxe7 Bxe7 25. Nd4 Nxd4 26.
cxd4 Re8 27. Qb3 Bf8 28. Bb4 Ka8 29. Re5 Bc6 30. Bxf8 Rxf8 31. Bb5 Rc8 32. Bxc6
Rxc6 33. Qe3 f4 34. gxf4 g5 35. fxg5 hxg5 36. Re7 Qh5 37. Nf5 Qg6 38. Qe5 a6
39. Rg7 Qe8 40. Qxe8+ Nxe8 41. Rxg5 Re6 42. h4 Ka7 43. h5 Nf6 44. h6 Re2 45.
Nd6 Nh7 46. Rg7 Nf6 47. Rf7 Ne8 48. h7 Nxd6 49. h8=Q 1-0

[Event "Open Vysočina 2017"]
[Site "Třebíč"]
[Date "2017.09.28"]
[Round "6"]
[White "Haag, Guenter"]
[Black "Rychtecky, Pavel"]
[Result "1/2-1/2"]
[WhiteElo "1978"]
[BlackElo "1527"]
[PlyCount "46"]
[EventDate "2017.09.23"]

1. e4 c5 2. g3 Nc6 3. Bg2 g6 4. Ne2 Bg7 5. O-O e6 6. c3 Nge7 7. d4 cxd4 8. cxd4
d5 9. exd5 Nxd5 10. Nbc3 Nxc3 11. bxc3 O-O 12. Rb1 Qc7 13. Re1 Rb8 14. a4 b6
15. Bd2 Rd8 16. Qc1 Bb7 17. Nf4 Qd7 18. Nd3 Rbc8 19. Qb2 Ba6 20. Nb4 Nxb4 21.
Qxb4 Rc4 22. Qb2 Rxa4 23. Ra1 Bb5 1/2-1/2

[Event "Open Vysočina 2017"]
[Site "Třebíč"]
[Date "2017.09.28"]
[Round "6"]
[White "Brasoy, Aksel"]
[Black "Svoboda, Frantisek"]
[Result "1-0"]
[WhiteElo "1964"]
[BlackElo "1725"]
[PlyCount "73"]
[EventDate "2017.09.23"]

1. d4 f5 2. g3 Nf6 3. Bg2 e6 4. Nf3 d5 5. O-O Be7 6. c4 c6 7. b3 O-O 8. Ba3
Bxa3 9. Nxa3 Ne4 10. Nb1 Nd7 11. e3 Qc7 12. Qc2 a5 13. a3 b6 14. Rc1 Bb7 15.
Nc3 Ndf6 16. Ne5 Nd6 17. cxd5 cxd5 18. Nxd5 Qxc2 19. Ne7+ Kh8 20. Rxc2 Bxg2 21.
Kxg2 Ng4 22. Rac1 Ne4 23. h3 Nxe5 24. dxe5 Nc5 25. b4 axb4 26. axb4 Nd3 27. Rd1
Rfd8 28. Rcd2 Ne1+ 29. Kf1 Rxd2 30. Rxd2 Nf3 31. Rd6 Nxe5 32. Rxb6 Nd3 33. b5
Nc5 34. Rc6 Nd7 35. Rxe6 Rb8 36. Nxf5 g6 37. Nd4 1-0

[Event "Open Vysočina 2017"]
[Site "Třebíč"]
[Date "2017.09.28"]
[Round "6"]
[White "Privoznik, Lubos"]
[Black "Kalveus, Jan"]
[Result "0-1"]
[WhiteElo "1658"]
[BlackElo "1867"]
[PlyCount "138"]
[EventDate "2017.09.23"]

1. e4 e6 2. d4 d5 3. e5 c5 4. c3 Nc6 5. Nf3 Qb6 6. Be2 Nh6 7. Bxh6 Qxb2 8. Bd2
Qxa1 9. Qc2 cxd4 10. Bb5 Ba3 11. cxd4 Bd7 12. Bxc6 bxc6 13. Bc3 Bb2 14. Bxb2
Qxa2 15. Nc3 Qc4 16. Qa4 Qxa4 17. Nxa4 Rb8 18. Bc1 Bc8 19. Nc5 Rb6 20. O-O Ba6
21. Re1 Bb5 22. Ba3 h6 23. h4 Kd8 24. Ra1 Bc4 25. Ne1 Kc7 26. Nc2 a5 27. Na4
Rb5 28. Bd6+ Kc8 29. Na3 Rb7 30. Rb1 Rxb1+ 31. Nxb1 Bb5 32. Nac3 Kd7 33. Nd2 a4
34. Ba3 g5 35. Nf3 gxh4 36. Nxh4 Rg8 37. Nf3 Rg4 38. Kh2 Rg8 39. Nd2 Ra8 40. g4
Bd3 41. Kg3 Bc2 42. Kh4 Rg8 43. f3 Rg6 44. Kh5 Rg5+ 45. Kxh6 Rg6+ 46. Kh5 Rg8
47. Kh4 Rh8+ 48. Kg3 Rh1 49. Bb2 Re1 50. Kf2 Rh1 51. Nf1 Bd3 52. Ne2 Bxe2 53.
Kxe2 Rh8 54. Nd2 Rh1 55. Kd3 Rh2 56. Kc3 Kc7 57. Nb1 Kb6 58. Ba3 Rf2 59. Nd2
Re2 60. Bc1 Re3+ 61. Kb4 Rd3 62. Kxa4 Rxd4+ 63. Kb3 c5 64. f4 Rxf4 65. g5 Rf5
66. Kc3 Rxe5 67. Nf3 Re2 68. Bf4 d4+ 69. Kd3 Rf2 0-1

[Event "Open Vysočina 2017"]
[Site "Třebíč"]
[Date "2017.09.28"]
[Round "6"]
[White "Keerthana, Easwar"]
[Black "Zacharias, Miroslav"]
[Result "1-0"]
[WhiteElo "1159"]
[BlackElo "1777"]
[PlyCount "65"]
[EventDate "2017.09.23"]

1. e4 {[%emt 0:00:00]} c6 2. d4 d5 3. Nd2 dxe4 4. Nxe4 Bf5 5. Ng3 Bg6 6. Nf3
Nd7 7. h4 h6 8. Bd3 Bxd3 9. Qxd3 Ngf6 10. Be3 e6 11. O-O-O Qc7 12. c3 Bd6 13.
Ne4 Nxe4 14. Qxe4 Nf6 15. Qd3 O-O 16. Rdg1 Ng4 17. Ng5 hxg5 18. hxg5 g6 19. Rh4
Nxf2 20. Bxf2 Kg7 21. Rgh1 Rg8 22. Qf3 Kf8 23. Kb1 Ke8 24. Rh8 Rxh8 25. Rxh8+
Bf8 26. Bg3 Qe7 27. Bf4 Kd7 28. Rh7 Ke8 29. Bd6 Qxd6 30. Qxf7+ Kd8 31. Rh8 Qe7
32. Rxf8+ Kd7 33. Qxe7+ 1-0

[Event "Open Vysočina 2017"]
[Site "Třebíč"]
[Date "2017.09.28"]
[Round "6"]
[White "Reimer, Karl"]
[Black "Stork, Rostislav"]
[Result "1/2-1/2"]
[WhiteElo "1537"]
[BlackElo "1764"]
[PlyCount "25"]
[EventDate "2017.09.23"]

1. b4 {[%emt 0:00:00]} e5 2. Bb2 Bxb4 3. Bxe5 Nf6 4. c4 O-O 5. Nf3 Nc6 6. Bb2
d5 7. cxd5 Nxd5 8. e3 Qd6 9. Be2 Qg6 10. O-O Re8 11. d4 Bh3 12. Nh4 Qg5 13. Bf3
1/2-1/2

[Event "Open Vysočina 2017"]
[Site "Třebíč"]
[Date "2017.09.28"]
[Round "6"]
[White "Zeleny, Tomas"]
[Black "Norlander, Svante"]
[Result "1-0"]
[WhiteElo "1688"]
[BlackElo "1583"]
[PlyCount "61"]
[EventDate "2017.09.23"]

1. d4 d5 2. Bf4 Nf6 3. e3 Bf5 4. c4 c6 5. Qb3 Qd7 6. Nf3 b6 7. cxd5 Nxd5 8. Ne5
Qb7 9. Nd2 Be6 10. Bg3 a5 11. a3 g6 12. Qc2 Bg7 13. Rc1 O-O 14. Nxc6 f5 15.
Bxb8 Raxb8 16. Nxb8 f4 17. e4 Nf6 18. Qc6 Qxb8 19. Qxe6+ Kh8 20. Bc4 f3 21.
Nxf3 Qf4 22. O-O Nxe4 23. Rce1 Nd6 24. Ba2 Nf5 25. Re4 Qc7 26. Ne5 Nh6 27. Qc6
Bxe5 28. Qxc7 Bxc7 29. Rxe7 Bb8 30. h3 Rc8 31. Rfe1 1-0

[Event "Open Vysočina 2017"]
[Site "Třebíč"]
[Date "2017.09.28"]
[Round "6"]
[White "Aird, Ian"]
[Black "Ruzicka, Vaclav"]
[Result "1/2-1/2"]
[WhiteElo "1809"]
[BlackElo "1528"]
[PlyCount "65"]
[EventDate "2017.09.23"]

1. c4 {[%emt 0:00:00]} e5 2. Nc3 f5 3. d4 e4 4. Nh3 c6 5. Bg5 Be7 6. Bxe7 Qxe7
7. e3 Nf6 8. Nf4 Qf7 9. Rc1 O-O 10. Be2 d6 11. O-O Kh8 12. b4 Na6 13. b5 Nc7
14. Qa4 Bd7 15. Qb4 d5 16. Rc2 g5 17. Nh3 h6 18. Kh1 f4 19. Ng1 Ne6 20. Qb3 g4
21. cxd5 cxd5 22. Rfc1 f3 23. Bf1 Qh5 24. b6 fxg2+ 25. Bxg2 axb6 26. Qxb6 g3
27. fxg3 Ng5 28. Qd6 Nf3 29. Bf1 Nxg1 30. Kxg1 Bc6 31. Rf2 Qg5 32. Rf4 Rad8 33.
Qc5 1/2-1/2

[Event "Open Vysočina 2017"]
[Site "Třebíč"]
[Date "2017.09.28"]
[Round "6"]
[White "Dhruv, Easwar"]
[Black "Zeleny, Ondrej"]
[Result "1-0"]
[WhiteElo "1781"]
[BlackElo "1356"]
[PlyCount "119"]
[EventDate "2017.09.23"]

1. e4 c6 2. d4 d5 3. Nc3 dxe4 4. Nxe4 Bf5 5. Ng3 Bg6 6. Nf3 Nd7 7. h4 h6 8. h5
Bh7 9. Bd3 Bxd3 10. Qxd3 Ngf6 11. Ne4 Nxe4 12. Qxe4 Nf6 13. Qd3 e6 14. Bd2 Bd6
15. O-O-O Qc7 16. Kb1 O-O-O 17. c4 Kb8 18. g3 Ka8 19. Qe2 c5 20. dxc5 Bxc5 21.
Bf4 Bd6 22. Rxd6 Rxd6 23. Bxd6 Qxd6 24. Rd1 Qc5 25. Ne5 Qc7 26. f4 a6 27. c5
Qxc5 28. Nxf7 Rc8 29. Nd6 Rc6 30. Ne4 Qf5 31. Rd8+ Ka7 32. Rd4 Nxh5 33. Qe3 Kb8
34. Rd8+ Rc8 35. Rxc8+ Kxc8 36. Kc1 Kb8 37. Nc3 g5 38. fxg5 Qxg5 39. Qxg5 hxg5
40. Ne4 g4 41. Kd2 Kc7 42. Ke3 Kc6 43. Kd4 b5 44. Ke5 Ng7 45. Nf6 Nf5 46. Kf4
Kd6 47. Nxg4 Kc5 48. Ne5 Nxg3 49. Kxg3 Kd4 50. Kf4 a5 51. Nc6+ Kd3 52. Nxa5 Kc2
53. b4 Kb2 54. Ke5 Kxa2 55. Kxe6 Ka3 56. Nc6 Kb3 57. Kd5 Ka3 58. Kc5 Ka4 59.
Na7 Kb3 60. Nxb5 1-0

[Event "Open Vysočina 2017"]
[Site "Třebíč"]
[Date "2017.09.28"]
[Round "6"]
[White "Navratilova, Alena"]
[Black "Kovacs, Ivan"]
[Result "1-0"]
[WhiteElo "1692"]
[BlackElo "1552"]
[PlyCount "35"]
[EventDate "2017.09.23"]

1. Nf3 {[%emt 0:00:00]} e6 2. d4 d5 3. g3 c5 4. e3 c4 5. Bg2 Nf6 6. O-O Bd6 7.
Nc3 O-O 8. a3 b6 9. Re1 Bb7 10. b3 cxb3 11. cxb3 a5 12. Bb2 Nc6 13. Nb5 h6 14.
Nxd6 Qxd6 15. Rc1 b5 16. Nd2 b4 17. a4 e5 18. dxe5 1-0

[Event "Open Vysočina 2017"]
[Site "Třebíč"]
[Date "2017.09.28"]
[Round "6"]
[White "Micka, Josef"]
[Black "Divis, Jan"]
[Result "1-0"]
[WhiteElo "1345"]
[BlackElo "1570"]
[PlyCount "90"]
[EventDate "2017.09.23"]

1. Nf3 Nf6 2. c4 c5 3. b3 Nc6 4. Bb2 e6 5. e3 Be7 6. g3 O-O 7. Bg2 d5 8. cxd5
exd5 9. d4 Bg4 10. O-O cxd4 11. exd4 Qb6 12. Qd3 Ne4 13. Qe3 Bxf3 14. Bxf3 Bg5
15. Qe2 Rfe8 16. Bxe4 Rxe4 17. Qf3 Rae8 18. Bc3 Nxd4 19. Bxd4 Qxd4 20. Nc3 R4e5
21. Rad1 Qc5 22. Rxd5 Rxd5 23. Nxd5 h6 24. h4 Bd8 25. Kg2 b6 26. a4 Qc2 27. Ne3
Qxb3 28. Qg4 Qe6 29. Nf5 Qe4+ 30. f3 Qxg4 31. fxg4 Re4 32. Rf4 Re2+ 33. Kf1 Ra2
34. Re4 Kf8 35. Rc4 Rd2 36. Nd4 Ke7 37. Nc6+ Kd7 38. Nxa7 Bc7 39. Nb5 Bxg3 40.
h5 Bh4 41. Rc7+ Ke6 42. Rc6+ Ke5 43. Rxb6 Kf4 44. Nd6 Kxg4 45. Nxf7 Rd4 1-0

[Event "Open Vysočina 2017"]
[Site "Třebíč"]
[Date "2017.09.28"]
[Round "6"]
[White "Palla, Ivan"]
[Black "Michalek, Miroslav"]
[Result "0-1"]
[WhiteElo "1550"]
[BlackElo "1720"]
[PlyCount "80"]
[EventDate "2017.09.23"]

1. Nf3 {[%emt 0:00:00]} d5 2. c4 Nf6 3. cxd5 Nxd5 4. Nc3 Nb6 5. g3 Nc6 6. Bg2
e5 7. d3 Be7 8. O-O Be6 9. b3 O-O 10. Bb2 a5 11. Ne4 f6 12. d4 Bd5 13. Nc3 e4
14. Nxd5 Qxd5 15. Nd2 f5 16. e3 a4 17. a3 axb3 18. Qxb3 Qxb3 19. Nxb3 Nc4 20.
Bc1 Nxa3 21. Nc5 Bxc5 22. dxc5 Nc4 23. Rb1 Rab8 24. Bb2 Nd2 25. Bd4 Nxf1 26.
Bxf1 Nxd4 27. Bc4+ Kh8 28. exd4 c6 29. d5 cxd5 30. Bxd5 Rfc8 31. Rb5 g6 32. g4
Rd8 33. Bxb7 Rd7 34. c6 Rc7 35. gxf5 gxf5 36. h4 Rg8+ 37. Kf1 f4 38. Re5 f3 39.
Rxe4 Rd8 40. Re1 Rg7 0-1

[Event "Open Vysočina 2017"]
[Site "Třebíč"]
[Date "2017.09.28"]
[Round "6"]
[White "Zelena, Irena"]
[Black "Sebek, Pavel"]
[Result "0-1"]
[WhiteElo "1164"]
[BlackElo "1487"]
[PlyCount "118"]
[EventDate "2017.09.23"]

1. e4 c5 2. Nf3 Nc6 3. Nc3 a6 4. Bc4 e6 5. d3 b5 6. Bb3 Bb7 7. a4 b4 8. Ne2 a5
9. Be3 d6 10. O-O Qc7 11. Nf4 Nf6 12. h3 Nd8 13. d4 cxd4 14. Bxd4 e5 15. Nd5
Nxd5 16. exd5 exd4 17. Qe2+ Be7 18. Nxd4 O-O 19. Bc4 Bc8 20. Rae1 Bf6 21. Nb5
Qd7 22. Qe4 Qf5 23. Qg4 Be5 24. Bd3 Qd7 25. Qxd7 Bxd7 26. f4 Bxb2 27. Nxd6 Bxa4
28. Re4 Rb8 29. Rfe1 Nb7 30. Nf5 Nc5 31. R4e3 Nxd3 32. cxd3 Kh8 33. Kh2 Rbd8
34. d6 g6 35. Nh6 Rxd6 36. Re7 Kg7 37. Ng4 Bd7 38. Ne5 Bxe5 39. fxe5 Rxd3 40.
e6 Be8 41. Ra7 Rd5 42. e7 Rg8 43. h4 b3 44. Kh3 a4 45. g4 h6 46. h5 Rd3+ 47.
Kg2 gxh5 48. gxh5 Kf6+ 49. Kf2 b2 50. Ra6+ Kg5 51. Rg1+ Kf4 52. Rf6+ Ke5 53.
Rb6 Rxg1 54. Kxg1 Rd1+ 55. Kf2 b1=Q 56. Rxb1 Rxb1 57. Kg3 Rb4 58. Kf3 Ke6 59.
Ke3 a3 0-1

[Event "Open Vysočina 2017"]
[Site "Třebíč"]
[Date "2017.09.28"]
[Round "7"]
[White "Bick, Gabriel J"]
[Black "Piankov, Evgenij"]
[Result "1-0"]
[WhiteElo "2264"]
[BlackElo "2258"]
[PlyCount "99"]
[EventDate "2017.09.23"]

1. e4 c6 2. d4 d5 3. e5 Bf5 4. h4 h5 5. Bd3 Bxd3 6. Qxd3 e6 7. Bg5 Qa5+ 8. Nd2
Qa6 9. c4 Nd7 10. Ngf3 Ne7 11. O-O Nf5 12. a3 Be7 13. Bxe7 Nxe7 14. Rfc1 Nf5
15. b3 O-O 16. Nf1 g6 17. Ne3 Rfe8 18. Nxf5 exf5 19. Qd2 Qb6 20. Qh6 Nf8 21.
Rc3 Rad8 22. c5 Qc7 23. Ng5 Qe7 24. Re3 b6 25. e6 fxe6 26. Nxe6 Qxe6 27. Rxe6
Rxe6 28. cxb6 axb6 29. Rc1 Ra8 30. a4 Rc8 31. Qd2 Re4 32. f3 Re7 33. Qb4 Rb7
34. Qd6 Rd7 35. Qe5 Kf7 36. b4 Re7 37. Qh8 Ra7 38. b5 Rxa4 39. bxc6 Rc7 40. Qe5
Ne6 41. Re1 Re7 42. Qd6 Rxd4 43. c7 Rc4 44. Rxe6 Rxe6 45. Qd7+ Kf6 46. c8=Q
Rxc8 47. Qxc8 Rd6 48. Qh8+ Ke6 49. Qe8+ Kf6 50. f4 1-0

[Event "Open Vysočina 2017"]
[Site "Třebíč"]
[Date "2017.09.28"]
[Round "7"]
[White "Plischki, Sebastian"]
[Black "Bartos, Jan"]
[Result "1-0"]
[WhiteElo "2397"]
[BlackElo "2209"]
[PlyCount "129"]
[EventDate "2017.09.23"]

1. d4 {[%emt 0:00:00]} d5 2. c4 dxc4 3. Nf3 Nf6 4. e3 Bg4 5. Bxc4 e6 6. O-O a6
7. h3 Bh5 8. Be2 c5 9. b3 Nc6 10. Bb2 cxd4 11. Nxd4 Bxe2 12. Qxe2 Nxd4 13. Bxd4
Be7 14. Rd1 Qb8 15. Nd2 b5 16. a4 O-O 17. Rac1 Qb7 18. Qf3 Qxf3 19. Nxf3 Rac8
20. axb5 axb5 21. Bb2 Nd5 22. Nd4 Bf6 23. Kf1 Rfd8 24. Ba1 b4 25. Bb2 Kf8 26.
Ke2 Ke8 27. g3 Kf8 28. Rxc8 Rxc8 29. Rc1 Rxc1 30. Bxc1 Nc3+ 31. Kd3 Nd1 32. f3
Nf2+ 33. Ke2 Nxh3 34. Bd2 e5 35. Nc6 Ke8 36. Nxb4 e4 37. fxe4 Ng5 38. Kd3 Be5
39. Be1 Kd7 40. Nd5 Ne6 41. b4 Kd6 42. g4 g6 43. Nb6 Kc6 44. Nc4 Bc7 45. e5 Ng5
46. Bh4 Nf3 47. Bg3 h5 48. gxh5 gxh5 49. Ke4 h4 50. Kxf3 hxg3 51. e4 Kd7 52.
Kxg3 f6 53. Kg4 fxe5 54. Kf5 Kc6 55. Nxe5+ Kb5 56. Nd3 Kc4 57. e5 Bd8 58. Ke4
Be7 59. e6 Bf8 60. Kf5 Be7 61. Kg6 Kd5 62. Kf7 Kd6 63. Nc5 Bh4 64. Ne4+ Ke5 65.
b5 1-0

[Event "Open Vysočina 2017"]
[Site "Třebíč"]
[Date "2017.09.28"]
[Round "7"]
[White "Pribyl, Josef"]
[Black "Certek, Pavel"]
[Result "1/2-1/2"]
[WhiteElo "2263"]
[BlackElo "2277"]
[PlyCount "66"]
[EventDate "2017.09.23"]

1. d4 Nf6 2. Nf3 g6 3. Nc3 d5 4. Bf4 Bg7 5. e3 O-O 6. Be2 c5 7. Ne5 Nc6 8. Nxc6
bxc6 9. Be5 cxd4 10. exd4 Nd7 11. Bxg7 Kxg7 12. Qd2 e5 13. dxe5 Nxe5 14. O-O-O
f6 15. h3 Re8 16. f4 Nf7 17. Rhe1 Bd7 18. Na4 Qc7 19. Nc5 Rad8 20. g4 Bc8 21.
Kb1 Nd6 22. Bd3 Rxe1 23. Rxe1 Re8 24. Rxe8 Nxe8 25. Qe3 Kf7 26. b3 Qe7 27. Qf2
Nd6 28. a4 Nb7 29. Nxb7 Qxb7 30. Kb2 Qb6 31. Qxb6 axb6 32. b4 Ke7 33. c4 dxc4
1/2-1/2

[Event "Open Vysočina 2017"]
[Site "Třebíč"]
[Date "2017.09.28"]
[Round "7"]
[White "Tesar, Jan"]
[Black "Walek, Petr"]
[Result "1/2-1/2"]
[WhiteElo "2118"]
[BlackElo "2167"]
[PlyCount "70"]
[EventDate "2017.09.23"]

1. d4 {[%emt 0:00:00]} Nf6 2. c4 g6 3. f3 Bg7 4. e4 d6 5. Nc3 O-O 6. Be3 e5 7.
Nge2 c6 8. Qd2 Nbd7 9. d5 cxd5 10. cxd5 a6 11. g4 b5 12. Ng3 Nc5 13. b4 Na4 14.
Nxa4 bxa4 15. h4 Nd7 16. h5 Re8 17. Bd3 Nf8 18. Kf2 Bf6 19. Rag1 g5 20. Nf5
Bxf5 21. gxf5 h6 22. Rc1 Nd7 23. Rc6 a5 24. b5 Nc5 25. Bxc5 dxc5 26. Bc4 Kh7
27. Rd1 g4 28. fxg4 Bg5 29. Qe2 Bh4+ 30. Kg2 Qg5 31. Qf3 Rg8 32. Kh3 Bf2 33.
Kg2 Qh4 34. Be2 Bd4 35. Qg3 Qg5 1/2-1/2

[Event "Open Vysočina 2017"]
[Site "Třebíč"]
[Date "2017.09.28"]
[Round "7"]
[White "Siebenburger, Vlastimil"]
[Black "Vincze, Roman"]
[Result "1/2-1/2"]
[WhiteElo "2059"]
[BlackElo "2099"]
[PlyCount "95"]
[EventDate "2017.09.23"]

1. d4 d5 2. c4 c6 3. Nf3 Nf6 4. Qb3 dxc4 5. Qxc4 Bf5 6. Nc3 e6 7. Nh4 Be7 8.
Nxf5 exf5 9. g3 O-O 10. Bg2 Nbd7 11. Qd3 Nb6 12. O-O Qd7 13. Bg5 Rad8 14. Rad1
Nfd5 15. Bc1 Bf6 16. a3 g6 17. Bh6 Rfe8 18. e4 Nxc3 19. bxc3 fxe4 20. Bxe4 Qe6
21. Rfe1 Qc4 22. Qf3 Bg7 23. Bg5 Rc8 24. Re3 Re6 25. Rde1 Rce8 26. Bc2 h6 27.
Rxe6 Rxe6 28. Rxe6 Qxe6 29. Bd2 Qa2 30. Qe4 Qxa3 31. h4 Nd5 32. Qe8+ Qf8 33.
Qd7 Qb8 34. Bb3 Qc7 35. Qe8+ Kh7 36. h5 Nf6 37. hxg6+ fxg6 38. Qe2 Qd7 39. Kg2
Qf5 40. f3 h5 41. Bf4 Nd5 42. Bd2 h4 43. gxh4 Nf4+ 44. Bxf4 Qxf4 45. Qf2 Bf6
46. Kh3 Qc1 47. Bc2 Qh1+ 48. Kg4 1/2-1/2

[Event "Open Vysočina 2017"]
[Site "Třebíč"]
[Date "2017.09.28"]
[Round "7"]
[White "Freeland, Alex"]
[Black "Pavlis, Jaromir"]
[Result "1-0"]
[WhiteElo "1988"]
[BlackElo "1879"]
[PlyCount "85"]
[EventDate "2017.09.23"]

1. c4 {[%emt 0:00:00]} Nf6 2. Nf3 e6 3. g3 c6 4. Bg2 d5 5. b3 Be7 6. Bb2 O-O 7.
O-O Nbd7 8. Nc3 h6 9. d4 Qc7 10. Rc1 dxc4 11. bxc4 Rd8 12. e4 Nf8 13. e5 N6h7
14. Ne4 Qa5 15. Qb3 f5 16. Bc3 Qa3 17. Ned2 Qxb3 18. Nxb3 b6 19. Nfd2 Bb7 20.
Rfd1 Rac8 21. Bb2 Ba8 22. c5 b5 23. Ra1 a6 24. a4 b4 25. Bf1 Bb7 26. Na5 Rc7
27. Ndc4 Ra8 28. Bg2 Ra7 29. Rac1 Nd7 30. Nd6 Nb8 31. Rc4 Ba8 32. Rxb4 Bxd6 33.
cxd6 Rc8 34. Rc1 Nf8 35. Rbc4 Nfd7 36. Nxc6 Nxc6 37. Bxc6 Nb6 38. R4c2 Rxc6 39.
Rxc6 Bxc6 40. Rxc6 Nxa4 41. Ba3 Kf7 42. Bc5 Nxc5 43. Rc7+ 1-0

[Event "Open Vysočina 2017"]
[Site "Třebíč"]
[Date "2017.09.28"]
[Round "7"]
[White "Heppell, Ian N"]
[Black "Lampir, Tomas"]
[Result "1/2-1/2"]
[WhiteElo "2034"]
[BlackElo "2077"]
[PlyCount "26"]
[EventDate "2017.09.23"]

1. e4 {[%emt 0:00:00]} e5 2. Nf3 Nc6 3. d4 exd4 4. c3 dxc3 5. Bc4 Nf6 6. Nxc3
Bb4 7. e5 d5 8. exf6 dxc4 9. Qxd8+ Nxd8 10. fxg7 Rg8 11. Bh6 Ne6 12. O-O-O Bxc3
13. bxc3 Nxg7 1/2-1/2